Focus 1 : student´s book /
Guardado en:
| Autor Principal: | |
|---|---|
| Otros Autores: | , |
| Formato: | Libro |
| Publicado: |
Edimburgo :
Pearson,
2016
|
| Materias: | |
| Etiquetas: |
Agregar Etiqueta
Sin Etiquetas, Sea el primero en etiquetar este registro!
|
| LEADER | 01734nam a22003735a 4500 | ||
|---|---|---|---|
| 001 | CEM.cems014897 | ||
| 008 | 130507s2016##################000#0#####d | ||
| 005 | 20260409181904.0 | ||
| 245 | 1 | 0 | |a Focus 1 : |b student´s book / |c Patricia Reilly; Marta Uminska y Bartosz Michalowski. |
| 260 | |a Edimburgo : |b Pearson, |c 2016 | ||
| 300 | |a 127 p. | ||
| 020 | |a 9781447997672 | ||
| 100 | 1 | |a Reilly, Patricia | |
| 700 | 1 | |a Uminska, Marta | |
| 700 | 1 | |a Michalowski, Bartosz | |
| 082 | 0 | 4 | |a 428.64 |
| 653 | |a Inglés | ||
| 653 | |a Inglés-textos | ||
| 859 | |a CEMS |b BIB. CEMS - 11 de abril |h 428.64 |i R273 |p 27491.18 |t Ej.1 | ||
| 859 | |a CEMS |b BIB. CEMS - 11 de abril |h 428.64 |i R273 |p 29415.23 |t Ej.2 | ||
| 859 | |a CEMS |b BIB. CEMS - 11 de abril |h 428.64 |i R273 |p 29416.23 |t Ej.3 | ||
| 859 | |a CEMS |b BIB. CEMS - 11 de abril |h 428.64 |i R273 |p 29417.23 |t Ej.4 | ||
| 859 | |a CEMS |b BIB. CEMS - 11 de abril |h 428.64 |i R273 |p 29418.23 |t Ej.5 | ||
| 859 | |a CEMS |b BIB. CEMS - 11 de abril |h 428.64 |i R273 |p 29419.23 |t Ej.6 | ||
| 859 | |a CEMS |b BIB. CEMS - 11 de abril |h 428.64 |i R273 |p 29420.23 |t Ej.7 | ||
| 859 | |a CEMS |b BIB. CEMS - 11 de abril |h 428.64 |i R273 |p 29421.23 |t Ej.8 | ||
| 859 | |a CEMS |b BIB. CEMS - 11 de abril |h 428.64 |i R273 |p 29422.23 |t Ej.9 | ||
| 859 | |a CEMS |b BIB. CEMS - 11 de abril |h 428.64 |i R273 |p 29423.23 |t Ej.10 | ||
| 859 | |a CEMS |b BIB. CEMS - 11 de abril |h 428.64 |i R273 |p 29424.23 |t Ej.11 | ||
| 859 | |a CEMS |b BIB. CEMS - 11 de abril |h 428.64 |i R273 |p 29853.25 |t Ej.12 | ||
| 859 | |a CEMS |b BIB. CEMS - 11 de abril |h 428.64 |i R273 |p 30680.26 |t Ej.13 | ||
| 859 | |a CEMS |b BIB. CEMS - 11 de abril |h 428.64 |i R273 |p 30681.26 |t Ej.14 | ||
| 859 | |a CEMS |b BIB. CEMS - 11 de abril |h 428.64 |i R273 |p 30682.26 |t Ej.15 | ||
| 859 | |a CEMS |b BIB. CEMS - 11 de abril |h 428.64 |i R273 |p 30683.26 |t Ej.16 | ||
